| 000 | 01018nam a2200313 a 4500 | ||
|---|---|---|---|
| 001 | 000045568 | ||
| 003 | DO-SdBNP | ||
| 005 | 20250128100526.0 | ||
| 007 | ta | ||
| 008 | 150415s2004 dr a 000 0 spa d | ||
| 040 |
_aDO-SdBNP _bspa _cBNPHU _erda |
||
| 041 | _hspa | ||
| 082 |
_axxx _bM379m _222 |
||
| 100 | 1 |
_aMartín Gómez, Luis, _d1962- _eautor _923176 |
|
| 245 | 1 | 0 |
_aMamá aquella caracola le está naciendo un mar. / _cLuis Martín Gómez; ilustraciones Julio Matos. |
| 264 |
_aSanto Domingo : _bNacional, _c2004. |
||
| 300 |
_a21 páginas : _bilustraciones ; _c17 cm. |
||
| 336 |
_ardacontent _btexto _2txt |
||
| 337 |
_ardamedia _bsin mediación _2n |
||
| 338 |
_ardacarrier _bvolumen _2nc |
||
| 490 | 1 | _aLos premios | |
| 500 | _aIncluye datos biografícos del autor en la contraportada | ||
| 586 | _aPremio anual de literatura infantil, 2003 | ||
| 590 | _aInventariado, 2025/DG | ||
| 700 | 1 |
_aMatos, Julio _eilustraciones _973627 |
|
| 830 | 0 |
_aLos premios _924283 |
|
| 910 | _aDG | ||
| 942 |
_2ddc _cLF2 |
||
| 999 |
_c45057 _d45057 |
||